| 000 | 00916nam a2200301Ia 4500 | ||
|---|---|---|---|
| 003 | OSt | ||
| 005 | 20221006151940.0 | ||
| 006 | a|||||r|||| 00| 0 | ||
| 007 | ta | ||
| 008 | 221006b |||||||| |||| 00| 0 jpn d | ||
| 020 |
_a9780415041010 _c652.10 |
||
| 024 | _a24,018 | ||
| 037 | _cTextual | ||
| 040 |
_aEASL _cEASL _bjpn |
||
| 041 |
_2jpn _ajpn |
||
| 082 | _aX.42.N91, N2 | ||
| 100 |
_aFRANCKS Penelope _9660396 |
||
| 245 | 0 |
_aJapanese economic development _b Theory and practice |
|
| 260 |
_aLondon _bRoutledge _c1992 |
||
| 300 |
_a288p. _ccm. |
||
| 490 |
_v JEL _aThe Nissan Institute/Routledge Japanese Studies Series |
||
| 650 |
_a Agriculture - Economic aspects - Japan _9660397 |
||
| 650 |
_a Japan - Industries _9660398 |
||
| 650 | _a JEL | ||
| 650 |
_aIndustry and state - Japan _9660399 |
||
| 942 |
_hX.42.N91, N2 _cTEXL _2CC |
||
| 999 |
_c1092104 _d1092104 |
||